000 01271 a2200241 4500
003 MN-UlNLM
005 20220416120013.0
008 a130t16b 2011 mp ||||| |||| 00| 0 mon d
020 _a978-99929-4-839-6
040 _aМонгол Улсын Үндэсний номын сан
084 _2NNA
_a91
_bМ 692
_q9
110 _aМонгол улсын үндэсний номын сан
245 1 _aМонгол судлалын гадаад хэлээр гарсан бүтээлийн номзүй
_cЭмхт. Ц.Дуламсүрэн, Б.Гантулга.
_cРед. ГАким., Ж.Цэзэн
_b1805-2011.
260 1 _aУБ
_bСоёмбопринтинг
_c2011
300 _a292х
490 _vДэвт.3.
500 _aМонгол судлалын холбогдолтой номзүйн 3 дэвтэр цуврал бүтээлийн 3-р дэвтэр энэхүү номзүйн бүтээл нь нийтийн хэрэгцээнд монголсудлалын талаарх гарын авлага, лавлах материал болж байгаагаараа нэн чухал ач холбогдолтой.
546 _aMongolia
653 _aНомзүйн гарын авлага
856 _aprintbook
942 _cBK
999 _c43408
_d43408